Wildlife restoration : (Registro nro. 3735)
[ vista simple ]
| 000 -CABECERA | |
|---|---|
| Campo de control | 02045cam a22002654a 4500 |
| 005 - FECHA Y HORA DE LA ULTIMA TRANSACCION | |
| Campo de control | 20200104041542.0 |
| 008 - ELEMENTOS DE LONGITUD FIJA—INFORMACION GENERAL | |
| Campo de control | 020227s2002 dcuad r 001 0 eng |
| 020 ## - ISBN | |
| ISBN | 1559639369 |
| 020 ## - ISBN | |
| ISBN | 1559639377 |
| 040 ## - FUENTE DE CATALOGACIÓN | |
| Agencia catalogadora original | DLC |
| Agencia transcriptora | DLC |
| Agencia Modificadora | DLC |
| -- | CO-BoIAVH |
| 041 0# - IDIOMA | |
| Código de idioma para texto/pista de sonido o título separado | Inglés |
| 044 ## - PAÍS DE PUBLICACIÓN | |
| País de publicación | Estados Unidos |
| 082 00 - NUMERO DE CLASIFICACION DECIMAL DEWEY | |
| Número de clasificación | 333.95415 |
| Número del ítem | M87w |
| 100 1# - ASIENTO PRINCIPAL--NOMBRE PERSONAL | |
| Nombre personal | Morrison, Michael L. |
| Término relacionado | autor |
| 9 (RLIN) | 77069 |
| 245 10 - MENCION DE TITULO | |
| Título | Wildlife restoration : |
| Parte restante del título | techniques for habitat analysis and animal monitoring / |
| Mención de responsabilidad | Michael L. Morrison ; foreword by Paul R. Krausman. |
| 260 ## - PUBLICACION, DISTRIBUCION, ETC. (PIE DE IMPRENTA) | |
| Lugar de publicación, distribución, etc. | Washington, DC : |
| Nombre del editor, distribuidor, etc. | Island Press, |
| Fecha de publicación, distribución, etc. | c2002. |
| 300 ## - DESCRIPCION FISICA | |
| Extensión | xix, 209 páginas : |
| Otros detalles físicos | ilustraciones, gráficas y tablas ; |
| Dimensiones | 24 x 15 cm. |
| 504 ## - NOTA DE BIBLIOGRAFIA, ETC. | |
| Nota de bibliografía | Incluye referencias bibliográficas e índice. |
| 505 0# - NOTA DE CONTENIDO | |
| Nota de contenido | Introduction -- 1. Populations -- Population Concepts and Habitat Restoration -- Three Roads to Recovery: Breeding, Reintroduction, and Translocation -- Lessons -- 2. Habitat -- Definitions -- When to Measure -- What to Measure -- How to Measure -- Lessons -- 3. Historic Assessments -- Background -- Techniques -- Case Studies -- Lessons -- 4. A Primer on Study Design -- Scientific Methods -- Monitoring as Research -- Principles of Study Design -- Experimental Design -- Lessons -- 5. Fundamentals of Monitoring -- Definitions -- Inventory -- Monitoring -- Sampling Considerations -- Adaptive Management -- Thresholds and Trigger Points -- Lessons -- 6. Sampling Methods -- Principles -- Amphibians and Reptiles -- Birds -- Mammals -- Lessons -- 7. Designing a Reserve -- Selecting a Site -- Corridors -- Buffers -- Isolation -- Fragmentation -- Are Isolation and Fragmentation Always Bad? -- The Value of Remnant Patches -- Lessons -- 8. Wildlife Restoration: A Synthesis -- Major Messages -- Developing a Restoration Plan -- Information Gaps -- Working with Wildlife Scientists and Managers -- Lessons. |
| 650 24 - ASIENTO SECUNDARIO DE MATERIA - TERMINO TEMATICO | |
| Término temático o nombre geográfico como elemento de entrada | Restauración ecológica |
| 9 (RLIN) | 92279 |
| 650 26 - ASIENTO SECUNDARIO DE MATERIA - TERMINO TEMATICO | |
| Término temático o nombre geográfico como elemento de entrada | Habitat |
| 9 (RLIN) | 77071 |
| 650 26 - ASIENTO SECUNDARIO DE MATERIA - TERMINO TEMATICO | |
| Término temático o nombre geográfico como elemento de entrada | Ordenación de la vida silvestre |
| 9 (RLIN) | 77072 |
| 650 26 - ASIENTO SECUNDARIO DE MATERIA - TERMINO TEMATICO | |
| Término temático o nombre geográfico como elemento de entrada | Conservación de la naturaleza |
| 9 (RLIN) | 97 |
| 942 ## - ELEMENTOS ADICIONALES (KOHA) | |
| Sistema de clasificación | Dewey Decimal Classification |
| Tipo de ítem | Libro |
| Withdrawn status | Lost status | Sistema de Clasificación | Damaged status | No para préstamo | Colección | Inventariado | Ubicación Permanente | Ubicación actual | Fecha de adquisición | Fuente de Valor | Total Checkouts | Número topográfico | Inventario / Código de Barras | Date last seen | Ejemplar | Price effective from | Forma de adquisición | Tipo de material |
|---|---|---|---|---|---|---|---|---|---|---|---|---|---|---|---|---|---|---|
| Dewey Decimal Classification | General | Inventariado 2017 | Sala Fabio Quevedo | Sala Fabio Quevedo | 23/12/2005 | Amazon | LB-333.95415 M87w | 022673 | 04/12/2012 | Ej. 1 | 04/12/2012 | Compra | Libro |